[Event "ODJM B 2023"]
[Site "Willingen GER"]
[Date "2023.05.28"]
[Round "2"]
[White "Friemel, Tim"]
[Black "Pac, Maksym"]
[Result "1-0"]
[Termination "normal"]
[Board "16"]
[WhiteElo "1692"]
[BlackElo "1249"]
[WhiteClock "00:06:21"]
[BlackClock "00:01:12"]
[PlyCount "85"]
[WhiteFideId "34607021"]
[BlackFideId "34623558"]
[EventCountry "GER"]
[EventRounds "9"]
[EventType "swiss"]
[EventDate "2023.05.27"]

1. d4 {[%clk 01:30:43]} {[%emt 00:00:16]} d5 {[%clk 01:30:53]} {[%emt
00:00:07]} 2. c4 {[%clk 01:30:45]} {[%emt 00:00:27]} e6 {[%clk 01:31:21]}
{[%emt 00:00:03]} 3. Nc3 {[%clk 01:30:35]} {[%emt 00:00:38]} c6 {[%clk
01:31:50]} {[%emt 00:00:03]} 4. e4 {[%clk 01:27:07]} {[%emt 00:03:58]} dxe4
{[%clk 01:32:11]} {[%emt 00:00:09]} 5. Nxe4 {[%clk 01:27:02]} {[%emt 00:00:34]}
Bb4+ {[%clk 01:32:37]} {[%emt 00:00:05]} 6. Nc3 {[%clk 01:25:57]} {[%emt
00:01:34]} c5 {[%clk 01:31:02]} {[%emt 00:02:06]} 7. a3 {[%clk 01:20:08]}
{[%emt 00:06:20]} Ba5 {[%clk 01:31:08]} {[%emt 00:00:24]} 8. Be3 {[%clk
01:17:15]} {[%emt 00:03:22]} Nf6 {[%clk 01:24:11]} {[%emt 00:07:27]} 9. Qd3
{[%clk 01:09:10]} {[%emt 00:08:35]} Nc6 {[%clk 01:18:33]} {[%emt 00:06:09]} 10.
Nf3 {[%clk 01:07:53]} {[%emt 00:01:46]} cxd4 {[%clk 01:13:40]} {[%emt
00:05:23]} 11. Nxd4 {[%clk 01:07:27]} {[%emt 00:00:55]} e5 {[%clk 01:11:48]}
{[%emt 00:02:23]} 12. Nxc6 {[%clk 00:58:24]} {[%emt 00:09:32]} Qxd3 {[%clk
01:09:53]} {[%emt 00:02:25]} 13. Bxd3 {[%clk 00:57:50]} {[%emt 00:01:04]} Bxc3+
{[%clk 01:09:59]} {[%emt 00:00:26]} 14. bxc3 {[%clk 00:58:03]} {[%emt
00:00:16]} bxc6 {[%clk 01:10:24]} {[%emt 00:00:04]} 15. Bc5 {[%clk 00:55:56]}
{[%emt 00:02:38]} Ba6 {[%clk 01:03:44]} {[%emt 00:07:11]} 16. O-O {[%clk
00:52:39]} {[%emt 00:03:46]} Nd7 {[%clk 00:59:33]} {[%emt 00:04:41]} 17. Bd6
{[%clk 00:50:03]} {[%emt 00:03:05]} f6 {[%clk 00:54:47]} {[%emt 00:05:17]} 18.
Rfd1 {[%clk 00:46:16]} {[%emt 00:04:16]} c5 {[%emt 00:08:32]} 19. Bf5 {[%clk
00:33:37]} {[%emt 00:13:07]} Bxc4 {[%clk 00:37:19]} {[%emt 00:10:00]} 20. Rab1
{[%clk 00:31:47]} {[%emt 00:02:19]} Nb6 {[%clk 00:32:25]} {[%emt 00:05:24]} 21.
Bxc5 {[%clk 00:30:57]} {[%emt 00:01:20]} Rb8 {[%clk 00:31:07]} {[%emt
00:01:48]} 22. Rb4 {[%clk 00:29:24]} {[%emt 00:02:02]} Ba6 {[%clk 00:28:56]}
{[%emt 00:02:42]} 23. Rdb1 {[%clk 00:28:20]} {[%emt 00:01:33]} Kf7 {[%clk
00:25:18]} {[%emt 00:04:10]} 24. Bxb6 {[%clk 00:26:00]} {[%emt 00:02:49]} Rxb6
{[%clk 00:24:24]} {[%emt 00:01:24]} 25. Rxb6 {[%clk 00:26:19]} {[%emt
00:00:11]} axb6 {[%clk 00:24:46]} {[%emt 00:00:08]} 26. Rxb6 {[%clk 00:26:23]}
{[%emt 00:00:26]} Rd8 {[%clk 00:24:39]} {[%emt 00:00:38]} 27. h3 {[%clk
00:23:24]} {[%emt 00:03:28]} Bc8 {[%clk 00:23:33]} {[%emt 00:01:36]} 28. Bxc8
{[%clk 00:21:43]} {[%emt 00:02:11]} Rxc8 {[%clk 00:23:37]} {[%emt 00:00:26]}
29. Rb3 {[%clk 00:21:32]} {[%emt 00:00:41]} Ke6 {[%clk 00:22:06]} {[%emt
00:02:01]} 30. Kf1 {[%clk 00:20:41]} {[%emt 00:01:21]} Kd5 {[%clk 00:19:39]}
{[%emt 00:02:58]} 31. Rb7 {[%clk 00:17:45]} {[%emt 00:03:25]} g5 {[%clk
00:15:40]} {[%emt 00:04:28]} 32. Rxh7 {[%clk 00:17:01]} {[%emt 00:01:15]} Rxc3
{[%emt 00:01:59]} 33. Ra7 {[%clk 00:15:40]} Ke4 {[%clk 00:14:54]} {[%emt
00:01:37]} 34. Ra4+ {[%clk 00:14:48]} {[%emt 00:01:22]} Kd3 {[%clk 00:14:40]}
{[%emt 00:00:45]} 35. g3 {[%clk 00:14:00]} {[%emt 00:01:18]} f5 {[%clk
00:12:37]} {[%emt 00:02:33]} 36. Kg2 {[%clk 00:09:27]} {[%emt 00:05:03]} f4
{[%clk 00:08:25]} {[%emt 00:04:42]} 37. Kf3 {[%clk 00:06:08]} {[%emt 00:03:49]}
e4 {[%clk 00:06:07]} {[%emt 00:02:49]} 38. Rxe4 {[%clk 00:05:46]} {[%emt
00:00:50]} Kd2+ {[%clk 00:04:40]} {[%emt 00:01:58]} 39. Kg4 {[%clk 00:05:39]}
{[%emt 00:00:36]} fxg3 {[%clk 00:04:43]} {[%emt 00:00:27]} 40. fxg3 {[%clk
00:05:57]} {[%emt 00:00:13]} Rxa3 {[%clk 00:02:56]} {[%emt 00:02:17]} 41. Re5
{[%clk 00:05:53]} {[%emt 00:00:34]} Rd3 {[%clk 00:00:52]} {[%emt 00:02:35]} 42.
Rxg5 {[%clk 00:06:09]} {[%emt 00:00:14]} Ke2 {[%clk 00:01:12]} {[%emt
00:00:10]} 43. Rf5 {[%clk 00:06:21]} {[%emt 00:00:17]} 1-0

[Event "ODJM B 2023"]
[Site "Willingen GER"]
[Date "2023.05.28"]
[Round "2"]
[White "Ermert, Karl Hans Ragnar"]
[Black "Aguike, Chidera"]
[Result "1-0"]
[Termination "normal"]
[Board "17"]
[WhiteElo "1584"]
[BlackElo "1449"]
[WhiteClock "00:07:13"]
[BlackClock "00:50:44"]
[PlyCount "71"]
[WhiteFideId "16275675"]
[BlackFideId "34611339"]
[EventCountry "GER"]
[EventRounds "9"]
[EventType "swiss"]
[EventDate "2023.05.27"]

1. e4 {[%clk 01:30:57]} {[%emt 00:00:03]} e5 {[%clk 01:30:55]} {[%emt
00:00:06]} 2. Nf3 {[%clk 01:31:20]} {[%emt 00:00:06]} Nc6 {[%clk 01:31:16]}
{[%emt 00:00:10]} 3. Bb5 {[%clk 01:31:40]} {[%emt 00:00:10]} Nf6 {[%clk
01:31:14]} {[%emt 00:00:32]} 4. d3 {[%clk 01:31:56]} {[%emt 00:00:14]} Ne7
{[%clk 01:31:38]} {[%emt 00:00:06]} 5. O-O {[%clk 01:21:57]} {[%emt 00:10:26]}
Ng6 {[%clk 01:30:59]} {[%emt 00:01:11]} 6. Re1 {[%clk 01:20:35]} {[%emt
00:01:51]} Be7 {[%clk 01:30:49]} {[%emt 00:00:41]} 7. c3 {[%clk 01:20:16]}
{[%emt 00:00:49]} c6 {[%clk 01:31:00]} {[%emt 00:00:19]} 8. Ba4 {[%clk
01:19:57]} {[%emt 00:00:49]} O-O {[%clk 01:30:42]} {[%emt 00:00:49]} 9. Bc2
{[%clk 01:09:50]} {[%emt 00:10:35]} d6 {[%clk 01:30:43]} {[%emt 00:00:31]} 10.
h3 {[%clk 01:10:06]} {[%emt 00:00:13]} h6 {[%clk 01:30:05]} {[%emt 00:01:08]}
11. d4 {[%clk 01:00:16]} {[%emt 00:10:20]} Be6 {[%clk 01:29:03]} {[%emt
00:01:31]} 12. Nbd2 {[%clk 00:52:13]} {[%emt 00:08:34]} Nh5 {[%clk 01:28:09]}
{[%emt 00:01:24]} 13. dxe5 {[%clk 00:43:04]} {[%emt 00:09:40]} Nhf4 {[%clk
01:25:13]} {[%emt 00:03:25]} 14. exd6 {[%clk 00:38:31]} {[%emt 00:05:03]} Bxd6
{[%clk 01:24:07]} {[%emt 00:01:36]} 15. e5 {[%clk 00:34:40]} {[%emt 00:04:21]}
Bc7 {[%clk 01:23:27]} {[%emt 00:01:10]} 16. Nf1 {[%clk 00:33:30]} {[%emt
00:01:39]} Qc8 {[%clk 01:23:02]} {[%emt 00:00:57]} 17. Bxf4 {[%clk 00:26:28]}
{[%emt 00:07:31]} Nxf4 {[%clk 01:23:09]} {[%emt 00:00:23]} 18. Nd4 {[%clk
00:24:19]} {[%emt 00:02:39]} Bd5 {[%clk 01:16:37]} {[%emt 00:07:02]} 19. Ne3
{[%clk 00:22:08]} {[%emt 00:02:41]} Re8 {[%clk 00:57:58]} {[%emt 00:19:09]} 20.
Nxd5 {[%clk 00:21:19]} {[%emt 00:01:19]} cxd5 {[%clk 00:57:39]} {[%emt
00:00:49]} 21. Nf3 {[%clk 00:17:10]} {[%emt 00:04:38]} Qe6 {[%clk 00:57:04]}
{[%emt 00:01:06]} 22. Nd4 {[%clk 00:14:29]} {[%emt 00:03:11]} Qc8 {[%clk
00:56:24]} {[%emt 00:01:10]} 23. Nf3 {[%clk 00:14:38]} {[%emt 00:00:20]} Qe6
{[%clk 00:56:45]} {[%emt 00:00:10]} 24. Qd4 {[%clk 00:14:25]} {[%emt 00:04:53]}
g5 {[%clk 00:54:25]} {[%emt 00:02:50]} 25. Rad1 {[%clk 00:13:10]} {[%emt
00:01:45]} Bb6 {[%clk 00:54:19]} {[%emt 00:00:36]} 26. Qd2 {[%clk 00:12:55]}
{[%emt 00:00:45]} Bc7 {[%clk 00:54:29]} {[%emt 00:00:21]} 27. Nd4 {[%clk
00:10:25]} {[%emt 00:02:59]} Qb6 {[%clk 00:53:04]} {[%emt 00:01:55]} 28. g3
{[%clk 00:07:57]} {[%emt 00:02:58]} Nh5 {[%clk 00:51:46]} {[%emt 00:01:49]} 29.
Qd3 {[%clk 00:07:01]} {[%emt 00:01:26]} Bxe5 {[%clk 00:50:39]} {[%emt
00:01:37]} 30. Rxe5 {[%clk 00:07:12]} {[%emt 00:00:19]} Rxe5 {[%emt 00:00:28]}
31. Qh7+ {[%clk 00:07:35]} {[%emt 00:00:05]} Kf8 {[%clk 00:50:26]} {[%emt
00:00:47]} 32. Qh8+ {[%clk 00:07:56]} {[%emt 00:00:08]} Ke7 {[%clk 00:50:36]}
{[%emt 00:00:21]} 33. Qxe5+ {[%clk 00:08:18]} {[%emt 00:00:08]} Kd7 {[%clk
00:50:36]} {[%emt 00:00:30]} 34. Bf5+ {[%clk 00:08:11]} {[%emt 00:00:36]} Kd8
{[%clk 00:50:45]} {[%emt 00:00:22]} 35. Re1 {[%clk 00:07:26]} {[%emt 00:01:14]}
Qxb2 {[%clk 00:50:44]} {[%emt 00:00:32]} 36. Qe7# {[%clk 00:07:13]} {[%emt
00:00:10]} 1-0

[Event "ODJM B 2023"]
[Site "Willingen GER"]
[Date "2023.05.28"]
[Round "2"]
[White "Stepanjan, Tatevik Mia"]
[Black "Götz, Timon"]
[Result "1/2-1/2"]
[Termination "normal"]
[Board "18"]
[WhiteElo "1206"]
[BlackElo "1570"]
[WhiteClock "00:02:39"]
[BlackClock "00:26:10"]
[PlyCount "88"]
[WhiteFideId "16246128"]
[BlackFideId "16245040"]
[EventCountry "GER"]
[EventRounds "9"]
[EventType "swiss"]
[EventDate "2023.05.27"]

1. e4 {[%clk 01:30:57]} {[%emt 00:00:03]} c5 {[%clk 01:30:54]} {[%emt
00:00:06]} 2. Nf3 {[%clk 01:31:01]} {[%emt 00:00:26]} e6 {[%clk 01:30:42]}
{[%emt 00:00:43]} 3. d4 {[%clk 01:31:17]} {[%emt 00:00:14]} cxd4 {[%clk
01:31:04]} {[%emt 00:00:08]} 4. Nxd4 {[%clk 01:31:36]} {[%emt 00:00:11]} Nc6
{[%clk 01:31:04]} {[%emt 00:00:30]} 5. Nc3 {[%clk 01:30:40]} {[%emt 00:01:25]}
a6 {[%clk 01:30:13]} {[%emt 00:01:21]} 6. Bc4 {[%clk 01:29:57]} {[%emt
00:01:13]} Qc7 {[%clk 01:30:26]} {[%emt 00:00:17]} 7. Bb3 {[%clk 01:29:34]}
{[%emt 00:00:53]} Nf6 {[%clk 01:29:59]} {[%emt 00:00:56]} 8. O-O {[%clk
01:29:13]} {[%emt 00:00:52]} b5 {[%clk 01:29:44]} {[%emt 00:00:46]} 9. a3
{[%clk 01:28:52]} {[%emt 00:00:51]} Bb7 {[%clk 01:29:53]} {[%emt 00:00:21]} 10.
Bg5 {[%clk 01:27:59]} {[%emt 00:01:23]} Be7 {[%clk 01:29:53]} {[%emt 00:00:28]}
11. Re1 {[%clk 01:27:41]} {[%emt 00:00:49]} O-O {[%clk 01:23:55]} {[%emt
00:06:27]} 12. Nxc6 {[%clk 01:23:57]} {[%emt 00:04:15]} Bxc6 {[%clk 01:23:34]}
{[%emt 00:00:50]} 13. e5 {[%clk 01:23:41]} {[%emt 00:00:48]} Qb7 {[%clk
01:12:48]} {[%emt 00:11:16]} 14. exf6 {[%clk 01:17:05]} {[%emt 00:07:06]} gxf6
{[%clk 01:12:47]} {[%emt 00:00:31]} 15. Bh6 {[%clk 01:16:37]} {[%emt 00:00:57]}
Kh8 {[%clk 01:12:42]} {[%emt 00:00:35]} 16. Bxf8 {[%clk 01:13:44]} {[%emt
00:03:23]} Rxf8 {[%clk 01:13:06]} {[%emt 00:00:07]} 17. f3 {[%clk 01:10:58]}
{[%emt 00:03:16]} Rg8 {[%clk 01:10:40]} {[%emt 00:02:55]} 18. Rf1 {[%clk
01:05:50]} {[%emt 00:05:38]} Bc5+ {[%clk 01:10:24]} {[%emt 00:00:47]} 19. Kh1
{[%clk 01:05:18]} {[%emt 00:01:02]} f5 {[%clk 01:07:42]} {[%emt 00:03:11]} 20.
a4 {[%clk 01:04:08]} {[%emt 00:01:40]} b4 {[%clk 01:07:41]} {[%emt 00:00:31]}
21. Ne2 {[%clk 01:03:20]} {[%emt 00:01:18]} Rg4 {[%clk 01:07:26]} {[%emt
00:00:44]} 22. c3 {[%clk 00:57:16]} {[%emt 00:06:36]} Rh4 {[%clk 01:06:40]}
{[%emt 00:01:16]} 23. Nd4 {[%clk 00:51:54]} {[%emt 00:05:52]} Qc7 {[%clk
01:01:46]} {[%emt 00:05:23]} 24. g3 {[%clk 00:47:51]} {[%emt 00:04:33]} Qxg3
{[%clk 01:01:11]} {[%emt 00:01:05]} 25. Qe2 {[%clk 00:44:37]} {[%emt 00:03:44]}
Bd6 {[%clk 00:55:42]} {[%emt 00:05:59]} 26. Rf2 {[%clk 00:38:14]} {[%emt
00:06:53]} Bb7 {[%clk 00:54:38]} {[%emt 00:01:34]} 27. Rg1 {[%clk 00:37:05]}
{[%emt 00:01:39]} Qf4 {[%clk 00:54:01]} {[%emt 00:01:07]} 28. Rfg2 {[%clk
00:34:33]} {[%emt 00:03:02]} h5 {[%clk 00:51:50]} {[%emt 00:02:41]} 29. Re1
{[%clk 00:30:12]} {[%emt 00:04:51]} Kh7 {[%clk 00:36:34]} {[%emt 00:15:47]} 30.
Qf2 {[%clk 00:25:33]} {[%emt 00:05:08]} Rh3 {[%clk 00:34:46]} {[%emt 00:02:18]}
31. Bd1 {[%clk 00:24:37]} {[%emt 00:01:26]} bxc3 {[%clk 00:31:10]} {[%emt
00:04:06]} 32. bxc3 {[%clk 00:24:02]} {[%emt 00:01:06]} Bc7 {[%clk 00:30:53]}
{[%emt 00:00:46]} 33. Re3 {[%clk 00:19:01]} {[%emt 00:05:31]} Bb6 {[%clk
00:28:39]} {[%emt 00:02:44]} 34. Qe2 {[%clk 00:15:45]} {[%emt 00:03:47]} Bc7
{[%clk 00:28:17]} {[%emt 00:00:51]} 35. Qf2 {[%clk 00:12:14]} {[%emt 00:04:01]}
Qd6 {[%clk 00:16:10]} {[%emt 00:12:33]} 36. Bc2 {[%clk 00:08:07]} {[%emt
00:04:42]} Qf4 {[%clk 00:16:15]} {[%emt 00:00:24]} 37. Ne2 {[%clk 00:07:24]}
{[%emt 00:01:13]} Rxf3 {[%clk 00:09:25]} {[%emt 00:07:21]} 38. Rxf3 {[%clk
00:05:39]} {[%emt 00:02:15]} Qxf3 {[%clk 00:09:49]} {[%emt 00:00:05]} 39. Kg1
{[%clk 00:02:12]} {[%emt 00:03:58]} Bb6 {[%clk 00:01:22]} {[%emt 00:08:57]} 40.
Nd4 {[%clk 00:02:09]} {[%emt 00:00:32]} Bxd4 {[%clk 00:01:37]} {[%emt
00:00:16]} 41. cxd4 {[%clk 00:02:17]} {[%emt 00:00:22]} Qxg2+ {[%clk 00:01:33]}
{[%emt 00:00:33]} 42. Qxg2 {[%clk 00:02:29]} {[%emt 00:00:18]} Bxg2 {[%clk
00:01:58]} {[%emt 00:00:06]} 43. Kxg2 {[%clk 00:02:55]} {[%emt 00:00:03]} a5
{[%clk 00:01:24]} {[%emt 00:01:05]} 44. Kf3 {[%clk 00:02:39]} {[%emt 00:00:44]}
f6 {[%clk 00:26:10]} {[%emt 00:05:42]} 1/2-1/2

[Event "ODJM B 2023"]
[Site "Willingen GER"]
[Date "2023.05.28"]
[Round "2"]
[White "Schöne, Finn"]
[Black "Frowein, Jamie"]
[Result "1-0"]
[Termination "normal"]
[Board "19"]
[WhiteElo "1411"]
[BlackElo "1441"]
[WhiteClock "00:48:08"]
[BlackClock "00:29:48"]
[PlyCount "93"]
[WhiteFideId "34623493"]
[BlackFideId "16282949"]
[EventCountry "GER"]
[EventRounds "9"]
[EventType "swiss"]
[EventDate "2023.05.27"]

1. d4 {[%clk 01:30:59]} Nf6 {[%clk 01:30:56]} {[%emt 00:00:04]} 2. Nc3 {[%clk
01:31:26]} {[%emt 00:00:04]} e6 {[%clk 01:31:19]} {[%emt 00:00:06]} 3. Bf4
{[%clk 01:31:52]} {[%emt 00:00:04]} Bb4 {[%clk 01:31:22]} {[%emt 00:00:27]} 4.
Qd3 {[%clk 01:32:01]} {[%emt 00:00:21]} d5 {[%clk 01:31:10]} {[%emt 00:00:42]}
5. a3 {[%clk 01:31:48]} {[%emt 00:00:43]} Be7 {[%clk 01:30:27]} {[%emt
00:01:13]} 6. Nb5 {[%clk 01:31:51]} {[%emt 00:00:28]} Na6 {[%clk 01:29:31]}
{[%emt 00:01:26]} 7. Nf3 {[%clk 01:27:07]} {[%emt 00:05:13]} O-O {[%clk
01:28:45]} {[%emt 00:01:16]} 8. Ne5 {[%clk 01:19:23]} {[%emt 00:08:13]} c5
{[%clk 01:27:07]} {[%emt 00:02:09]} 9. e3 {[%clk 01:17:04]} {[%emt 00:02:48]}
c4 {[%clk 01:22:15]} {[%emt 00:05:23]} 10. Qd1 {[%clk 01:14:12]} {[%emt
00:03:23]} Qa5+ {[%clk 01:21:52]} {[%emt 00:00:52]} 11. Nc3 {[%clk 01:14:36]}
{[%emt 00:00:06]} Ne4 {[%clk 01:21:31]} {[%emt 00:00:51]} 12. Be2 {[%clk
01:14:11]} {[%emt 00:00:55]} Nxc3 {[%clk 01:19:52]} {[%emt 00:02:09]} 13. Qd2
{[%clk 01:14:11]} {[%emt 00:00:30]} Bb4 {[%clk 01:19:28]} {[%emt 00:00:54]} 14.
Rc1 {[%clk 01:13:24]} {[%emt 00:01:17]} Nxe2 {[%clk 01:19:03]} {[%emt
00:00:55]} 15. axb4 {[%clk 01:13:38]} {[%emt 00:00:17]} Nxb4 {[%clk 01:18:42]}
{[%emt 00:00:51]} 16. Kxe2 {[%clk 01:13:44]} {[%emt 00:00:23]} Qb5 {[%clk
01:17:28]} {[%emt 00:01:44]} 17. c3 {[%clk 01:13:46]} {[%emt 00:00:28]} Nc6
{[%clk 01:16:07]} {[%emt 00:01:51]} 18. f3 {[%clk 01:07:27]} {[%emt 00:06:49]}
a5 {[%clk 01:15:20]} {[%emt 00:01:17]} 19. Ra1 {[%clk 01:07:29]} {[%emt
00:00:28]} a4 {[%clk 01:14:44]} {[%emt 00:01:06]} 20. Ra3 {[%clk 01:07:46]}
{[%emt 00:00:13]} Na5 {[%clk 01:13:59]} {[%emt 00:01:16]} 21. Kf2 {[%clk
01:04:37]} {[%emt 00:03:38]} Nb3 {[%clk 01:11:37]} {[%emt 00:02:52]} 22. Qe2
{[%clk 01:04:11]} {[%emt 00:00:56]} Qa5 {[%clk 01:11:01]} {[%emt 00:01:06]} 23.
e4 {[%clk 01:02:32]} {[%emt 00:02:09]} b5 {[%clk 01:10:02]} {[%emt 00:01:29]}
24. Nc6 {[%clk 01:02:41]} {[%emt 00:00:21]} Qb6 {[%clk 01:09:27]} {[%emt
00:01:05]} 25. exd5 {[%clk 01:02:22]} {[%emt 00:00:50]} exd5 {[%clk 01:08:58]}
{[%emt 00:00:59]} 26. Ne7+ {[%clk 01:02:39]} {[%emt 00:00:12]} Kh8 {[%clk
01:09:12]} {[%emt 00:00:16]} 27. Nxd5 {[%clk 01:02:53]} {[%emt 00:00:16]} Qb7
{[%clk 01:05:28]} {[%emt 00:04:15]} 28. Nc7 {[%clk 01:00:24]} {[%emt 00:02:59]}
Ra7 {[%clk 01:04:32]} {[%emt 00:01:26]} 29. Qe7 {[%clk 01:00:13]} {[%emt
00:00:40]} Rg8 {[%clk 01:01:30]} {[%emt 00:03:32]} 30. Qxf7 {[%clk 01:00:21]}
{[%emt 00:00:23]} Qb6 {[%clk 00:58:39]} {[%emt 00:03:21]} 31. Re1 {[%clk
00:59:16]} {[%emt 00:01:34]} Qg6 {[%clk 00:52:50]} {[%emt 00:06:18]} 32. Qxg6
{[%clk 00:58:06]} {[%emt 00:01:40]} hxg6 {[%clk 00:53:14]} {[%emt 00:00:07]}
33. Nxb5 {[%clk 00:57:57]} {[%emt 00:00:39]} Rf7 {[%clk 00:51:28]} {[%emt
00:02:17]} 34. Bg3 {[%clk 00:57:22]} {[%emt 00:01:04]} Bd7 {[%clk 00:44:49]}
{[%emt 00:07:09]} 35. Nd6 {[%clk 00:56:58]} {[%emt 00:00:54]} Rff8 {[%clk
00:44:42]} {[%emt 00:00:37]} 36. Nxc4 {[%clk 00:56:53]} {[%emt 00:00:35]} g5
{[%clk 00:42:24]} {[%emt 00:02:48]} 37. Nb6 {[%clk 00:56:01]} {[%emt 00:01:22]}
Bb5 {[%clk 00:39:22]} {[%emt 00:03:33]} 38. Re5 {[%clk 00:54:37]} {[%emt
00:01:53]} Be8 {[%clk 00:37:22]} {[%emt 00:02:30]} 39. Rxg5 {[%clk 00:53:56]}
{[%emt 00:01:11]} Rf6 {[%clk 00:36:31]} {[%emt 00:01:20]} 40. Nxa4 {[%clk
00:52:51]} {[%emt 00:01:36]} Nd2 {[%clk 00:36:25]} {[%emt 00:00:36]} 41. Nc5
{[%clk 00:50:28]} {[%emt 00:02:53]} Rb6 {[%clk 00:33:27]} {[%emt 00:03:28]} 42.
b4 {[%clk 00:49:03]} {[%emt 00:01:55]} Nb1 {[%clk 00:33:05]} {[%emt 00:00:52]}
43. Rb3 {[%clk 00:49:08]} {[%emt 00:00:25]} Nd2 {[%clk 00:33:07]} {[%emt
00:00:28]} 44. Rb2 {[%clk 00:49:03]} {[%emt 00:00:36]} Nc4 {[%clk 00:33:22]}
{[%emt 00:00:14]} 45. Re2 {[%clk 00:49:17]} {[%emt 00:00:16]} Rf6 {[%clk
00:30:29]} {[%emt 00:03:23]} 46. Be5 {[%clk 00:48:23]} {[%emt 00:01:23]} Rf7
{[%clk 00:29:48]} {[%emt 00:01:11]} 47. Rh5# {[%clk 00:48:08]} 1-0

[Event "ODJM B 2023"]
[Site "Willingen GER"]
[Date "2023.05.28"]
[Round "2"]
[White "Brandt, Clara"]
[Black "Hoffmann, Alexander"]
[Result "0-1"]
[Termination "normal"]
[Board "20"]
[WhiteElo "1254"]
[BlackElo "1568"]
[WhiteClock "00:02:08"]
[BlackClock "00:19:07"]
[PlyCount "74"]
[WhiteFideId "34614737"]
[BlackFideId "16240219"]
[EventCountry "GER"]
[EventRounds "9"]
[EventType "swiss"]
[EventDate "2023.05.27"]

1. Nf3 {[%clk 01:30:58]} {[%emt 00:00:01]} Nf6 {[%clk 01:30:51]} {[%emt
00:00:09]} 2. g3 {[%clk 01:31:12]} {[%emt 00:00:17]} c5 {[%clk 01:30:09]}
{[%emt 00:01:12]} 3. Bg2 {[%clk 01:28:45]} {[%emt 00:02:57]} d5 {[%clk
01:29:54]} {[%emt 00:00:44]} 4. O-O {[%clk 01:25:02]} {[%emt 00:04:14]} Nc6
{[%clk 01:26:03]} {[%emt 00:04:20]} 5. d4 {[%clk 01:24:26]} {[%emt 00:01:06]}
cxd4 {[%clk 01:26:00]} {[%emt 00:00:33]} 6. Nxd4 {[%clk 01:24:21]} {[%emt
00:00:35]} e5 {[%clk 01:26:09]} {[%emt 00:00:21]} 7. Nxc6 {[%clk 01:24:16]}
{[%emt 00:00:36]} bxc6 {[%clk 01:26:29]} {[%emt 00:00:10]} 8. c4 {[%clk
01:23:07]} {[%emt 00:01:39]} Be7 {[%clk 01:20:36]} {[%emt 00:06:23]} 9. Nc3
{[%clk 01:15:02]} {[%emt 00:08:35]} Bb7 {[%clk 01:14:55]} {[%emt 00:06:11]} 10.
Qa4 {[%clk 01:08:07]} {[%emt 00:07:24]} O-O {[%clk 01:11:41]} {[%emt 00:03:44]}
11. Rd1 {[%clk 01:01:18]} {[%emt 00:07:20]} d4 {[%clk 00:48:38]} {[%emt
00:23:33]} 12. Ne4 {[%clk 00:41:02]} {[%emt 00:20:45]} Nxe4 {[%clk 00:45:46]}
{[%emt 00:03:22]} 13. Bxe4 {[%clk 00:40:24]} {[%emt 00:01:09]} Qb6 {[%clk
00:45:04]} {[%emt 00:01:12]} 14. Qc2 {[%clk 00:36:16]} {[%emt 00:04:37]} h6
{[%clk 00:43:49]} {[%emt 00:01:45]} 15. e3 {[%clk 00:29:07]} {[%emt 00:07:37]}
Bc5 {[%clk 00:38:44]} {[%emt 00:05:37]} 16. Qb3 {[%clk 00:23:38]} {[%emt
00:06:00]} f5 {[%clk 00:27:18]} {[%emt 00:11:56]} 17. Qxb6 {[%clk 00:21:36]}
{[%emt 00:02:31]} axb6 {[%clk 00:27:10]} {[%emt 00:00:38]} 18. Bg2 {[%clk
00:20:23]} {[%emt 00:01:42]} Rfd8 {[%clk 00:25:33]} {[%emt 00:02:07]} 19. Bd2
{[%clk 00:18:20]} {[%emt 00:02:34]} dxe3 {[%clk 00:24:06]} {[%emt 00:01:58]}
20. Bxe3 {[%clk 00:17:19]} {[%emt 00:01:31]} Rxd1+ {[%clk 00:23:45]} {[%emt
00:00:50]} 21. Rxd1 {[%clk 00:17:39]} {[%emt 00:00:10]} Bxe3 {[%clk 00:24:07]}
{[%emt 00:00:08]} 22. fxe3 {[%clk 00:16:59]} {[%emt 00:01:11]} Rxa2 {[%clk
00:24:20]} 23. Rd8+ {[%clk 00:15:42]} {[%emt 00:02:03]} Kh7 {[%clk 00:24:42]}
{[%emt 00:00:08]} 24. Rb8 {[%clk 00:15:20]} {[%emt 00:00:51]} Ba6 {[%clk
00:21:11]} {[%emt 00:04:02]} 25. Rxb6 {[%clk 00:13:24]} {[%emt 00:02:27]} Bxc4
{[%clk 00:21:32]} {[%emt 00:00:08]} 26. Rxc6 {[%clk 00:12:17]} {[%emt
00:01:37]} Bd3 {[%clk 00:21:42]} {[%emt 00:00:20]} 27. Rc3 {[%clk 00:10:42]}
{[%emt 00:02:04]} e4 {[%clk 00:19:41]} {[%emt 00:02:33]} 28. Rb3 {[%clk
00:08:47]} {[%emt 00:02:23]} Ra1+ {[%clk 00:19:18]} {[%emt 00:00:54]} 29. Kf2
{[%clk 00:08:38]} {[%emt 00:00:39]} Rc1 {[%clk 00:19:32]} {[%emt 00:00:16]} 30.
Rc3 {[%clk 00:07:25]} {[%emt 00:01:42]} Rd1 {[%clk 00:18:34]} {[%emt 00:01:30]}
31. Rb3 {[%clk 00:06:34]} {[%emt 00:01:20]} Rd2+ {[%clk 00:18:55]} {[%emt
00:00:09]} 32. Kg1 {[%clk 00:06:31]} {[%emt 00:00:33]} Re2 {[%clk 00:19:15]}
{[%emt 00:00:10]} 33. Bf1 {[%clk 00:04:08]} {[%emt 00:02:53]} Re1 {[%clk
00:19:18]} {[%emt 00:00:28]} 34. Kg2 {[%clk 00:02:12]} {[%emt 00:02:25]} Rxf1
{[%clk 00:19:41]} {[%emt 00:00:07]} 35. Rxd3 {[%clk 00:02:16]} {[%emt
00:00:26]} Re1 {[%clk 00:18:37]} {[%emt 00:01:34]} 36. Kf2 {[%clk 00:02:18]}
{[%emt 00:00:28]} Rh1 {[%clk 00:18:47]} {[%emt 00:00:20]} 37. Kg2 {[%clk
00:02:08]} {[%emt 00:00:40]} exd3 {[%clk 00:19:07]} {[%emt 00:00:10]} 0-1